000 00513nam a2200157Ia 4500
008 230718s9999 xx 000 0 und d
041 _aeng
082 _a005.43
_bSIN
100 _aSinghal M.
_9107147
245 _aAdvanced Concepts In Operating Systems
_bDistributed, Database And Multiprocessor Operating Systems
260 _bTata McGraw-Hill
300 _a522
365 _cRs.
_b465.00
700 _aSinghal M. & Shivaratri N.G.
_9107149
906 _dO:0257917-Feb-2012B:SL11/125830-Dec-2011
_cINST
_b1627.5
999 _c329955
_d329955